ბათუმის შოთა რუსთაველის სახელმწიფო უნივერსიტეტის ბიბლიოთეკა

Технология переработки нефти и газа. Нефтехимия: труды, выпуск XXV. (ბიბ.ჩანაწერი № 38215)

000 -LEADER
fixed length control field 00586nam a2200193Ia 4500
001 - CONTROL NUMBER
control field 4205
003 - CONTROL NUMBER IDENTIFIER
control field GE_BSU
008 - FIXED-LENGTH DATA ELEMENTS--GENERAL INFORMATION
fixed length control field 181216s||||||||xx |||||||||||||| ||und||
040 ## - CATALOGING SOURCE
Transcribing agency GE_BSU
080 ## - UNIVERSAL DECIMAL CLASSIFICATION NUMBER
Universal Decimal Classification number 665.63
245 ## - TITLE STATEMENT
Title Технология переработки нефти и газа. Нефтехимия: труды, выпуск XXV.
245 ## - TITLE STATEMENT
Statement of responsibility, etc. Ред. С.И.Бабушкина.
260 ## - PUBLICATION, DISTRIBUTION, ETC.
Place of publication, distribution, etc. М.
260 ## - PUBLICATION, DISTRIBUTION, ETC.
Name of publisher, distributor, etc. Химия.
260 ## - PUBLICATION, DISTRIBUTION, ETC.
Date of publication, distribution, etc. 1972.
300 ## - PHYSICAL DESCRIPTION
Extent 240 стр. 22 см.
653 ## - INDEX TERM--UNCONTROLLED
Uncontrolled term Технология переработки нефти и газа.
942 ## - ADDED ENTRY ELEMENTS (KOHA)
Koha item type წიგნი
ეგზემპლარები
Withdrawn status Lost status Damaged status Not for loan Date acquired Barcode Date last seen Price effective from Koha item type Public note
        2018-12-17 9513 2018-12-17 2018-12-17 წიგნი საცავი